000 00598nam a2200205Ia 4500
005 20250508154709.0
008 008 250505s9999 xx 000 0 eng d
037 _aTextual
040 _aFEDL
_beng
_cFEDL
041 _aeng
_2eng
084 _a153.15, GOL
_qFEDL
100 _aGoldstein Henry and others Ed.
_9765886
245 0 _aControversial issues in learning
260 _aNew York, USA
_bAppleton-Century-Crofts
_c1965
300 _aix,476p
490 _aThe century psychology series
650 _aLearning
942 _cTEXL
_h153.15, GOL
999 _c1351651
_d1351651